Central Library OPAC University of Rajshahi

Studying culture : (Record no. 49209)

MARC details
000 -LEADER
fixed length control field 00972nam a2200289 a 4500
001 - CONTROL NUMBER
control field 49209
003 - CONTROL NUMBER IDENTIFIER
rucl marc code BD-RjUL
005 - DATE AND TIME OF LATEST TRANSACTION
control field 20211209054642.0
008 - FIXED-LENGTH DATA ELEMENTS--GENERAL INFORMATION
fixed length control field 160818r20031997enka b 001 0 eng
020 ## - INTERNATIONAL STANDARD BOOK NUMBER
International Standard Book Number 0340676884 (pbk.)
035 ## - SYSTEM CONTROL NUMBER
System control number (BD-RjUL)49328
040 ## - CATALOGING SOURCE
Original cataloging agency DLC
Transcribing agency DLC
Modifying agency DLC
-- BD-RjUL
Language of cataloging eng
041 ## - LANGUAGE CODE
Language code of text/sound track or separate title eng
082 00 - DEWEY DECIMAL CLASSIFICATION NUMBER
Edition number 21
Classification number 306
Author mark and year STU 2003
245 00 - TITLE STATEMENT
Title Studying culture :
Remainder of title an introductory reader /
Statement of responsibility, etc. edited by Ann Gray and Jim McGuigan.
250 ## - EDITION STATEMENT
Edition statement 2nd ed.
260 ## - PUBLICATION, DISTRIBUTION, ETC. (IMPRINT)
Place of publication, distribution, etc. London ;
-- New York :
Name of publisher, distributor, etc. Arnold ;
-- Distributed exclusively in the USA by St. Martin's Press,
Date of publication, distribution, etc. 1997.
-- [Reprinted 2003]
300 ## - PHYSICAL DESCRIPTION
Pagination xv, 367 p. :
Illustrations ill. ;
Size 24 cm.
504 ## - BIBLIOGRAPHY, ETC. NOTE
Bibliography, etc Includes bibliographical references and index.
650 #0 - SUBJECT ADDED ENTRY--TOPICAL TERM
Topical term or geographic name as entry element Popular culture.
9 (RLIN) 147906
Topical term or geographic name as entry element Culture.
9 (RLIN) 147907
651 #0 - SUBJECT ADDED ENTRY--GEOGRAPHIC NAME
Geographic name Great Britain
General subdivision Civilization
Chronological subdivision 1945-
9 (RLIN) 147908
700 1# - ADDED ENTRY--PERSONAL NAME
Personal name Gray, Ann,
Dates associated with a name 1946-
Personal name McGuigan, Jim.
942 ## - ADDED ENTRY ELEMENTS (KOHA)
Source of classification or shelving scheme Dewey Decimal Classification
Koha item type Books
Holdings
Lost status Source of classification or shelving scheme Damaged status Not for loan Collection code Permanent Location Current Location Shelving location Date acquired Source of acquisition Cost, normal purchase price Total Checkouts Full call number Date last seen Copy number Koha item type
  Dewey Decimal Classification   Not For Loan Non-fiction Central Library, University of Rajshahi Central Library, University of Rajshahi Reading Room 04/07/2013 Dhaka, Space Marketing Comm. 3500.00   306 STU 2003 18/08/2016 C-1 Books